Komparácia ropných rozpočtových systémov

Ekonomické aspekty ropného cyklu. Stupne ropného cyklu. Prvý stupeň - prieskum nálezísk a ťažba uhľovodíkov pod zemským a morským povrchom - najzložitejší a najnákladnejší. Rentabilita a jej rozdelenie medzi hráčov v jednotlivých systémoch. Klasifikácia ropných rozpočtových systémov. Koncesionársky...

Ausführliche Beschreibung

Gespeichert in:
Bibliographische Detailangaben
1. Verfasser: Pullmanová, Terézia, 1953-
Weitere Verfasser: Svobodová, Valéria
Format: Buchkapitel
Sprache:Slowakisch
Schlagworte:
Tags: Tag hinzufügen
Keine Tags, Fügen Sie das erste Tag hinzu!

MARC

LEADER 00000naa$a2200000$$$4500
001 0098108
005 20240502072101.9
041 0 |a slo 
044 |a SK 
245 1 0 |a Komparácia ropných rozpočtových systémov  |c Terézia Pullmanová, Valéria Svobodová 
520 |a Ekonomické aspekty ropného cyklu. Stupne ropného cyklu. Prvý stupeň - prieskum nálezísk a ťažba uhľovodíkov pod zemským a morským povrchom - najzložitejší a najnákladnejší. Rentabilita a jej rozdelenie medzi hráčov v jednotlivých systémoch. Klasifikácia ropných rozpočtových systémov. Koncesionársky systém, kontraktačný systém - servisné zmluvy a zmluvy o výrobnom podieľníctve. Prevažuje využívanie kontraktačného systému celosvetovo. 
610 2 0 |a ropa 
610 2 0 |a spoločnosti 
610 2 0 |a marketing 
610 2 0 |a systém 
100 1 |a Pullmanová, Terézia, 1953- 
700 1 |a Svobodová, Valéria